| 000 | 00508nam a2200193Ia 4500 | ||
|---|---|---|---|
| 005 | 20250508162932.0 | ||
| 008 | 008 250505s9999 xx 000 0 eng d | ||
| 037 | _aTextual | ||
| 040 |
_aFEDL _beng _cFEDL |
||
| 041 |
_aeng _2eng |
||
| 084 |
_a301, BOS _qFEDL |
||
| 100 | _aBose N. K. | ||
| 245 | 0 | _aCultural anthropology | |
| 260 |
_aNew Delhi, India _bMittal Publications _c1989 |
||
| 300 | _axviii,148p | ||
| 650 | _aSociology | ||
| 942 |
_cTEXL _h301, BOS |
||
| 999 |
_c1379523 _d1379523 |
||